BP Chemicals Ltd v Kingdom Engineering (Fife) Ltd (Record no. 47563)

MARC details
000 -LEADER
fixed length control field 01129cab a2200217 4500
001 - CONTROL NUMBER
control field ABS50414
008 - FIXED-LENGTH DATA ELEMENTS--GENERAL INFORMATION
fixed length control field 090401t1994 xxu||||| |||| 00| 0 eng d
035 ## - SYSTEM CONTROL NUMBER
System control number (Sirsi) u75608
041 ## - LANGUAGE CODE
Language code of text/sound track or separate title eng
245 ## - TITLE STATEMENT
Title BP Chemicals Ltd v Kingdom Engineering (Fife) Ltd
260 ## - PUBLICATION, DISTRIBUTION, ETC.
Date of publication, distribution, etc. 1994
350 ## - PRICE (NR) (BK AM CF MU VM SE) [OBSOLETE]
Price 0
490 ## - SERIES STATEMENT
Series statement Construction Industry Law Letter
Volume/sequential designation 1994 CILL 905-906(2)
520 ## - SUMMARY, ETC.
Summary, etc. 12 January 1994. Concerned with arbitral award on interest made on undercertification by a certificate under ICE Conditions of Contract 5th ed (1979). Raised questions of whether the arbitrator had erred in law in deciding when the cause of action accrued and secondly whether Arbitration Act 1950 s19A allowed interest to be awarded during a period before accrual on cause of action. Held that the only sum due was the actual amount certified and that interest was not awardable under s19A unless there had been wrongful withholding.
650 ## - SUBJECT ADDED ENTRY--TOPICAL TERM
Topical term or geographic name entry element ARBITRATION ACT 1950 S19A
650 ## - SUBJECT ADDED ENTRY--TOPICAL TERM
Topical term or geographic name entry element ICE CONDITIONS OF CONTRACT (FIFTH EDITION)
650 ## - SUBJECT ADDED ENTRY--TOPICAL TERM
Topical term or geographic name entry element INTEREST
690 ## - LOCAL SUBJECT ADDED ENTRY--TOPICAL TERM (OCLC, RLIN)
Topical term or geographic name as entry element BUILDING AND CONSTRUCTION-CASE LAW
942 ## - ADDED ENTRY ELEMENTS (KOHA)
Suppress in OPAC 0
948 ## - LOCAL PROCESSING INFORMATION (OCLC); SERIES PART DESIGNATOR (RLIN)
c (OCLC) 04/03/1997
Holdings
Withdrawn status Lost status Source of classification or shelving scheme Damaged status Not for loan Home library Current library Shelving location Date acquired Total Checkouts Full call number Barcode Date last seen Copy number Price effective from Koha item type
    Dewey Decimal Classification     London London Journal article 14/09/1999   ABS50414 75608-1001 06/08/2019 1 06/08/2019 Law report